| 000 | 01015nam0a22002771 4500 | ||
|---|---|---|---|
| 001 | rc\293521 | ||
| 005 | 20250621022834.0 | ||
| 010 |
_a5-283-01112-7 _94800 |
||
| 035 | _a(NLR Aleph) 005524456 | ||
| 090 |
_a5543009 _c5543009 |
||
| 100 | _a20030307d1990 |||y0rusy50 ca | ||
| 101 | 0 | _arus | |
| 102 | _aRU | ||
| 105 | _aa ||||||||| | ||
| 200 | 1 |
_aСправочник по расчету высокочастотных параметров ВЛ-330-1150 кВ _fВ.Х. Ишкин, Р.Г. Книжник, Ю.П. Шкарин |
|
| 210 |
_aМ. _cЭнергоатомиздат _d1990 |
||
| 215 |
_a128, [2] с. _cил. _d21 |
||
| 320 | _aБиблиогр. на 3-й с. обл. (6 назв.) | ||
| 700 | 1 |
_aИшкин _bВ.Х. _gВячеслав Хусаинович |
|
| 701 | 1 |
_aКнижник _bР.Г. _gРоман Григорьевич |
|
| 701 | 1 |
_aШкарин _bЮ.П. _gЮрий Павлович |
|
| 801 | 0 |
_aRU _bNLR _gpsbo |
|
| 801 | 1 |
_aRU _bELAR _2rusmarc |
|
| 852 |
_aNLR _j90-3/8633 |
||
| 942 | _cBOOK | ||
| 980 | _aNB | ||